Logo BPK

Biblioteka

Politechniki Koszalińskiej

Fizika verchnej atmosfery : (Rekord nr 15080)

Szczegóły MARC
000 -ETYKIETA REKORDU
podpole kontrolne o stałej długości 00524nam a2200181 i 4500
001 - NUMER KONTROLNY REKORDU
pole kontrolne bg
040 ## - ŹRÓDŁO KATALOGOWANIA
Instytucja, która utworzyła rekord BPK
041 ## - KOD JĘZYKA
Kod języka tekstu pol
080 ## - UNIWERSALNA KLASYFIKACJA DZIESIĘTNA - UKD
UKD 551.510
008 - POLE O STAŁEJ DŁUGOŚCI - DANE KONTROLNE
podpole kontrolne o stałej długości s pl f |000 0 pol
245 #0 - TYTUŁ/ODPOWIEDZIALNOŚĆ
Tytuł Fizika verchnej atmosfery :
Ciąg dalszy tytułu vyp. 1(34) /
Pozostałe elementy strefy tytułu i oznaczenia odpowiedzialności Pod red. L. A. Kataseva.
260 ## - STREFA ADRESU WYDAWNICZEGO
Miejsce wydania Moskwa :
Nazwa wydawcy/dystrybutora Gidrometeoizdat,
Data publikacji, dystrybucji/powstania dokumentu 1972.
300 ## - STREFA OPISU FIZYCZNEGO
Objętość s. 176 :
Inne cechy fizyczne tab., ilustr.
500 ## - UWAGI OGÓLNE
Tekst uwagi Trudy Istitut[a] Eksperimental'noj Meteorologii. Vyp. 1 [34].
500 ## - UWAGI OGÓLNE
Tekst uwagi [Alf. ros.].
700 1# - HASŁO DODATKOWE - NAZWA OSOBOWA
Nazwa osobowa KATASEV, L. A.
Określenie związku między hasłem a opisywanym materiałem Red.
942 ## - DODATKOWE ELEMENTY (KOHA)
Typ dokumentu Książka
Egzemplarze
Wycofany Status egzemplarza Uszkodzony Dostępność Lokalizacja stała Lokalizacja bieżąca Miejsce przechowywania Sygnatura Kod kreskowy Typ dokumentu
      Dostępny Biblioteka Politechniki Koszalińskiej Biblioteka Politechniki Koszalińskiej Wypożyczalnia BG 15519 01729696 Książka
© 2023 Biblioteka Politechniki Koszalińskiej :: KOHA